| 000 | 01185nam a2200229Ia 4500 | ||
|---|---|---|---|
| 001 | L235-9722 | ||
| 003 | IT-CnALBA | ||
| 008 | 170116s9999||||xx |||||||||||||| ||und|| | ||
| 040 |
_aIT-CnALBA _cIT-CnALBA |
||
| 041 | _aLATINO | ||
| 100 | _aROMANA SEU KAUNEN. | ||
| 245 | 0 | _aCANONIZATIONIS SERVI DEI GEORGII MATULAITIS SEU NATULE WICZ. - POSITIO SUPER MIRACULO. - 1871-1927. | |
| 250 | _a1a ed. | ||
| 260 |
_a ROMA _bGUERRA GUERRIERO TIPOG. PERUGIA _c1986 [1° Ed.:1986 - Ed.Ling.Originale: 1986] |
||
| 300 | _a54 p. | ||
| 500 | _aCONGREGAZIONE DELLE CAUSE DEI SANTI. ESAME DI UN MIRACOLO. RIFORMATORE DEI CHIERICI REGOLARI MARISTI. FONDATORE DELLE SUORE DELL'IMMACOLATA CONCEZIONE. BIOGRAFIA. INFORMAZIONE. DOCUMENTI DI GIORGIO MATULAITI. | ||
| 501 | _aSocietà San Paolo EM - Piazza San Paolo, 14 - 12051 ALBA (CN) (non commercial uses only) ® Copyright 2017 | ||
| 520 | _aCONGREGAZIONE DELLE CAUSE DEI SANTI. ESAME DI UN MIRACOLO. RIFORMATORE DEI CHIERICI REGOLARI MARISTI. FONDATORE DELLE SUORE DELL'IMMACOLATA CONCEZIONE. BIOGRAFIA. INFORMAZIONE. DOCUMENTI DI GIORGIO MATULAITI. | ||
| 650 | _aMARIA SS. ANGELI SANTI DEMONI | ||
| 942 | _cBK | ||
| 957 | _71 | ||
| 999 |
_a10698 _bNO _g Copie: 1 _c268898 _d268898 |
||